Zhengzhou Xinzheng Int. Airport Destinations (Zhengzhou, China) - Statistics

General Stats
  • This quiz has been taken 17 times
    5 since last reset
  • The average score is 40 of 116
Answer Stats
Airline Destination % Correct
Nok Air Bangkok (Don Mueang)
100%
China Southern Airlines/Thai VietJet Air/West Air Bangkok (Suvarnabhumi)
100%
Air China Beijing (Capital)
100%
Air China/Sichuan Airlines Chengdu (Shuangliu)
100%
9 Air/Air China/Chengdu Airlines/China Southern Airlines/Lucky Air/Sichuan Airlines Chengdu (Tianfu)
100%
Air China/China Express Airlines/China Southern Airlines/Chongqing Airlines/Sichuan Airlines/West Air Chongqing
100%
9 Air/China Southern Airlines/Hainan Airlines/Loong Air/West Air Guangzhou
100%
Cathay Pacific Hong Kong
100%
Air Macau Macau
100%
China Southern Airlines/Eastar Jet/Korean Air Seoul (Incheon)
100%
China Eastern Airlines/China Southern Airlines/Shanghai Airlines Shanghai (Hongqiao)
100%
China Eastern Airlines/China Southern Airlines/Juneyao Air/Shanghai Airlines/Spring Airlines/Suparna Airlines Shanghai (Pudong)
100%
China Southern Airlines/Donghai Airlines/Hainan Airlines/Shenzhen Airlines/Suparna Airlines/West Air Shenzhen
100%
China Southern Airlines/EVA Air Taipei (Taoyuan)
100%
Tianjin Airlines Tianjin
100%
China Southern Airlines Tokyo (Narita)
100%
Beijing Capital Airlines/China Southern Airlines/Donghai Airlines/Hainan Airlines/Lucky Air/Shandong Airlines/Shanghai Airlines/Sichuan Airlines/Tianjin Airlines/Urumqi Air/West Air/XiamenAir Ürümqi
100%
Air China/Beijing Capital Airlines/Chengdu Airlines/China Eastern Airlines/China Southern Airlines/Fuzhou Airlines/Hainan Airlines/Jiangxi Air/Shandong Airlines/West Air/XiamenAir Xiamen
100%
Lucky Air Dali
80%
Hainan Airlines/Jiangxi Air/Lucky Air/Shenzhen Airlines/Spring Airlines/West Air/XiamenAir Dalian
80%
Chengdu Airlines/China Southern Airlines/Fuzhou Airlines/Jiangxi Air/West Air/XiamenAir Fuzhou
80%
9 Air/Air Guilin/Beijing Capital Airlines/China Southern Airlines/Hainan Airlines/Shandong Airlines/Shenzhen Airlines/Suparna Airlines/Tianjin Airlines/West Air Haikou
80%
Batik Air Malaysia/China Southern Airlines Kuala Lumpur (International)
80%
Air Travel/China Eastern Airlines/China Southern Airlines/Kunming Airlines/Lucky Air/Shanghai Airlines/Shenzhen Airlines/Sichuan Airlines/West Air Kunming
80%
Beijing Capital Airlines/China Eastern Airlines/China Express Airlines/China Southern Airlines/Qingdao Airlines/Shandong Airlines/Tianjin Airlines Qingdao
80%
Chengdu Airlines/China Southern Airlines/Shandong Airlines/Shenzhen Airlines/Spring Airlines Shenyang
80%
Scoot Singapore
80%
Air Guilin/China Southern Airlines/Hainan Airlines/Shandong Airlines/Shanghai Airlines/Shenzhen Airlines Guilin
60%
Air China/Beijing Capital Airlines/China Eastern Airlines/China Southern Airlines/Hainan Airlines/Juneyao Air/Loong Air/Shanghai Airlines/XiamenAir Hangzhou
60%
China Southern Airlines/Chongqing Airlines/Fuzhou Airlines/Jiangxi Air/Joy Air/Shenzhen Airlines/Sichuan Airlines/West Air/XiamenAir Harbin
60%
9 Air/Beijing Capital Airlines/Chengdu Airlines/China Express Airlines/China Southern Airlines/Fuzhou Airlines/Hainan Airlines/Tianjin Airlines/West Air/XiamenAir Hohhot
60%
West Air Jeju
60%
Chengdu Airlines/Lucky Air/Tibet Airlines/West Air Lhasa
60%
China Eastern Airlines Nanjing
60%
China Southern Airlines/GX Airlines/Lucky Air/Okay Airways/Shenzhen Airlines/Sichuan Airlines/West Air Nanning
60%
Air Cambodia Phnom Penh
60%
Thai Lion Air Phuket
60%
Beijing Capital Airlines/Chengdu Airlines/China Southern Airlines/Hainan Airlines/Lucky Air/Sichuan Airlines/West Air Sanya
60%
China Express Airlines/China Southern Airlines/Juneyao Air Baotou
40%
Air China/China Southern Airlines/Qingdao Airlines/Shanghai Airlines/Shenzhen Airlines/Sichuan Airlines/Spring Airlines Changchun
40%
9 Air/Chengdu Airlines/China Express Airlines/China Southern Airlines/Colorful Guizhou Airlines/Lucky Air/Shandong Airlines/Shanghai Airlines/Tianjin Airlines/West Air Guiyang
40%
China Eastern Airlines/Qingdao Airlines/Shandong Airlines/Shanghai Airlines/Shenzhen Airlines/Urumqi Air/XiamenAir Lanzhou
40%
China Eastern Airlines/China Southern Airlines/Hainan Airlines/Shenzhen Airlines/Spring Airlines/West Air Ningbo
40%
Tianjin Airlines Sydney
40%
Air China/Chengdu Airlines/China Southern Airlines/Juneyao Air/Loong Air/Shanghai Airlines/Shenzhen Airlines/Tianjin Airlines/West Air Wenzhou
40%
China Southern Airlines/Loong Air/Lucky Air/Tibet Airlines/West Air Xining
40%
Air Guilin/China Eastern Airlines/Shenzhen Airlines Yantai
40%
China Southern Airlines Yiwu
40%
China Southern Airlines Zhangjiajie
40%
China Express Airlines/Colorful Guizhou Airlines Dazhou
20%
China Southern Airlines/Fuzhou Airlines Hami
20%
China Southern Airlines/Urumqi Air Hotan
20%
Juneyao Air/Shenzhen Airlines/Tianjin Airlines Huizhou
20%
China Southern Airlines/Chongqing Airlines/Qingdao Airlines/Shanghai Airlines/West Air Jieyang
20%
China Southern Airlines London (Gatwick)
20%
China Southern Airlines Luxembourg
20%
Donghai Airlines Nantong
20%
China Southern Airlines Qinhuangdao
20%
China Southern Airlines/Qingdao Airlines/Shenzhen Airlines/Urumqi Air/West Air/XiamenAir Quanzhou
20%
China Express Airlines Quzhou
20%
Kunming Air Taizhou
20%
Air China/China Southern Airlines Ulanqab
20%
Juneyao Air Wuhai
20%
Air Guilin/Lucky Air/Qingdao Airlines/Sichuan Airlines/West Air Xishuangbanna
20%
Colorful Guizhou Airlines Yibin
20%
China Eastern Airlines/Shandong Airlines/Shanghai Airlines/Shenzhen Airlines/XiamenAir Yinchuan
20%
China Southern Airlines/Tianjin Airlines Yulin (Shaanxi)
20%
China Southern Airlines/Urumqi Air Zhanjiang
20%
Shanghai Airlines/Shenzhen Airlines Zhoushan
20%
Air Guilin/China Southern Airlines/Hainan Airlines/Shandong Airlines/Suparna Airlines/Urumqi Air/West Air Zhuhai
20%
Fuzhou Airlines/Loong Air/Urumqi Air/West Air Aksu
0%
Loong Air Aral
0%
Chengdu Airlines Barkol
0%
China Southern Airlines/Juneyao Air Bayannur
0%
Air Chang'an/Jiangxi Air/West Air Beihai
0%
Jin Air Cheongju
0%
China Express Airlines Chifeng
0%
Donghai Airlines Datong
0%
Air China Dongying
0%
Air Guilin Enshi
0%
West Air Ganzhou
0%
West Air Golmud
0%
Tianjin Airlines Hailar
0%
Juneyao Air Helsinki
0%
China Southern Airlines Huangshan
0%
Jiangxi Air Jiayuguan
0%
Loong Air/Shanghai Airlines Karamay
0%
China Southern Airlines/Hainan Airlines/Loong Air/Urumqi Air/West Air Kashgar
0%
Beijing Capital Airlines/Jiangxi Air/Loong Air/Lucky Air/Qingdao Airlines/Shandong Airlines/West Air Korla
0%
Qingdao Airlines Kuqa
0%
Beijing Capital Airlines/Chengdu Airlines/Lucky Air/West Air Lijiang
0%
China Express Airlines Linfen
0%
Tianjin Airlines Liupanshui
0%
Jiangxi Air Liuzhou
0%
China Eastern Airlines/Lucky Air Luzhou
0%
China Express Airlines Mianyang
0%
Juneyao Air Milan (Malpensa)
0%
China Southern Airlines/Shanghai Airlines Ordos
0%
Chengdu Airlines Qitai
0%
Shandong Airlines Ruoqiang
0%
Air China Shaoyang
0%
Chengdu Airlines Tacheng
0%
China Southern Airlines Tengchong
0%
Air Guilin Tongren
0%
Shanghai Airlines Turpan
0%
Chengdu Airlines Ulanhot
0%
West Air Xiangxi
0%
Sichuan Airlines Xichang
0%
Chengdu Airlines Xilinhot
0%
China Southern Airlines Xinzhou
0%
China Express Airlines Yan'an
0%
Sichuan Airlines Yanji
0%
Spring Airlines Yining
0%
West Air Zhongwei
0%
Chengdu Airlines/West Air Zunyi (Maotai)
0%
Tianjin Airlines Zunyi (Xinxhou)
0%
No matching quizzes found
Score Distribution
Percent of People with Each Score
Percentile by Number Answered
Your Score History
You have not taken this quiz since the last reset